Ciudades por imagen #2 - Estadísticas

Estadísticas generales
  • Esta prueba ha sido intentada 70 veces
  • La puntuación promedio es 7 de 16
Estadísticas de respuestas
Imagen Respuesta % Correcto
Barcelona
96%
El Cairo
81%
Los Ángeles
78%
La Meca
65%
Oporto
54%
Dublin
50%
Nairobi
50%
Santiago
43%
Lima
31%
Pyongyang
26%
Tallin
26%
Bremen
17%
Kiev
17%
Teheran
17%
Melbourne
15%
Papeete
4%
No se encontraron pruebas coincidentes
Distribución de puntuación
Porcentaje de gente con cada puntuación
Porcentaje por número respondido
Historial de tus puntuaciones
No has intentado esta prueba.